MARC

LEADER 00000nam0a2200000 4500
001 364282
005 20231102011655.0
035 |a (RuTPU)RU\TPU\retro\21640 
090 |a 364282 
100 |a 20211111d1981 km y0rusy50 ca 
101 0 |a rus 
102 |a RU 
105 |a a z 000zy 
200 1 |a Санитарно-бытовое обслуживание работающих на строительных площадках  |f А. В. Бойцов, В. Г. Миронова, И. В. Степанов 
210 |a Москва  |c Стройиздат  |d 1981 
215 |a 192 с.  |c ил. 
606 1 |a Строители  |x Условия труда и быта  |2 stltpush  |3 (RuTPU)RU\TPU\subj\57237  |9 75099 
610 1 |a строительные площадки 
610 1 |a санитария 
610 1 |a бытовое обслуживание 
610 1 |a нормирование 
610 1 |a качество 
610 1 |a сооружения 
610 1 |a эффективность 
675 |a 69.05:658.382  |v 4 
700 1 |a Бойцов  |b А. В.  |g Александр Николаевич 
701 1 |a Миронова  |b В. Г.  |g Вера Григорьевна 
701 1 |a Степанов  |b И. В.  |g Игорь Вячеславович 
801 1 |a RU  |b 63413507  |c 20211111 
942 |c BK